[Event "HCL-B208"]
[Site "www.playchess.de"]
[Date "2001.03.23"]
[Round "4"]
[White "Translightor"]
[Black "patzer"]
[WhiteElo "1465"]
[BlackElo "1250"]
[PlyCount "80"]
[Result "1/2-1/2"]

1.e4 {Und noch einmal hallo und viel Glück...}  d6 
{... und viel Spaß! :)  Für heute ist jedoch 
Schluss. Bis dann...}  2.d4 {Okay, patzen wir 
morgen weiter!}  Nf6 3.Nc3 e5 4.dxe5 dxe5 5.Qxd8+ 
Kxd8 6.Bg5 Be6 7.O-O-O+ Nbd7 8.Nf3 {Versuch jetzt 
mal, d8-b8 einzugeben (für 0-0). Näheres im Forum 
unter "Error Reports".}  Bd6 {Da bin ich ja 
gespannt ob das jetzt funktioniert...}  9.Nb5 {Na 
dann mal weiter...}  Ke7 {Hmm, meine Nachricht 
wurde gar nicht angezeigt. Nun ja, wollte auch nur 
sagen das es weiter geht....}  10.Nxd6 cxd6 11.Kb1 
{Übrigens, schon gesehen, dass dieses Turnier 
versehentlich schon "beendet" ist?}  a6 {Ja, 
leider ein weiterer Fehler. Erster kann ich aber 
sowieso nicht mehr werden...}  12.Bd3 {Aber ich 
bin geteilter 1."geworden" und in Klasse A 
aufgestiegen - mit 1 Punkt aus dieser Partie!}  b5 
{Wollte gerade fragen was bei Punktegleichstand 
passiert. Hat sich hiermit erledigt...}  13.Rd2 
{In B185 und B205 habe ich den Aufstieg sicher. 
Frage nur, wann. Aber hier - das gildet nicht!}  
h6 {Vielleicht bekommst ja einen Punkt aus dieser 
Partie. - Aber nicht das es dann 2 sind...}  
14.Bxf6+ {Das wird den nächsten Systemcrash, wenn 
zu einem fertigen Turnier noch eine Partie 
dazukommt!}  Nxf6 {Die "annotated games" gehen 
auch noch nicht. Ansonsten ist dies eine tolle 
Seite...}  15.h3 {Stimmt. Auf- und Abstieg und die 
ELO-Zahlen und Ranglisten geben der Site den 
richtigen Kick.}  Rad8 {Ich würde mir noch ein 
schnelleres Turnier wünschen. Nicht nach jedem Zug 
1 Tag länger...}  16.Rhd1 {Bei uns beiden reicht 
wohl 1 Stunde pro Zug...}  g5 {Wenn das 
Anfangspolster stimmt... - Brauche ich allerdings 
meistens nur fürs Wochenende...}  17.Re1 {Bis zum 
Wochenende sind wir fertig.}  Nh5 18.Bf1 {Wenn ich 
so weiterspiele, wird das nie was mit dem vollen 
Punkt!}  Nf4 {Grobe Fehler können immer mal 
passieren. Wie Kd2 aus unserer vorherigen 
Partie...}  19.Ng1 {Aber in dieser Stellung ist 
die Remisbreite sehr groß.}  h5 20.g3 Ng6 21.a4 
{Kleiner Flügelwechsel.}  Bc4 {Heute zieht kaum 
jemand. Jetzt bist Du der einzige. Na ja, hab´ 
auch nicht immer Zeit.}  22.Bxc4 {Ich mache 
meistens Feierabend, so bald ich alle Gegner am 
Zug habe. Dauert manchmal Stunden.}  bxc4 23.Rd5 
Ke6 24.Red1 {Wenigstens ein bisschen Druck machen! 
Ob's was bringt?}  Ne7 {Hoffentlich nicht :)}  
25.Ra5 {Lange mach ich's heute auch nicht mehr.}  
Rda8 {Ich mach auch schon Schluss! Wir sind nach 
der Pause gut vorangekommen. Bis morgen...}  
26.Nf3 {See ya...}  f6 {Weiter geht's. Oft 
hintereinander ziehe ich allerdings erst 
abends...}  27.Nd2 {Heute werden wir nicht so viel 
schaffen, weil ich noch ins Kino gehe.}  Rhc8 
{Kein Problem! Viel Spaß beim Film...}  28.b3 {War 
sehr schön gewesen, aber jetzt hat mich die harte 
Realität wieder.}  cxb3 {Ein halber Punkt muss 
eben ausreichen...}  29.cxb3 {Sieht ziemlich 
danach aus, aber kämpfen wir noch ein bisschen...} 
 Rc5 30.Nc4 {Tut sich da etwa doch eine Chance 
auf?}  Rc6 {Sieht doch okay aus...}  31.Kb2 {Muss 
ja nicht gleich matt werden...}  Rb8 {Sorry, ist 
aber schon mein letzter Zug für heute. Bis morgen 
dann...}  32.Kc3 Rbc8 33.Rd2 f5 34.exf5+ {Auch in 
dieser Partie entwickeln sich manche Dinge nicht 
wie gewünscht...}  Nxf5 35.Kb2 Nd4 36.f4 gxf4 
37.gxf4 {Na, wieviele Züge werden's heute abend?}  
Rb8 {Sorry, gestern hatte ich keine Zeit. Heute 
müsste das anders aussehen...}  38.Nxe5 
{Angesichts Deiner vielen Drohungen habe ich jetzt 
den Chaos-Generator eingeschaltet.}  Rxb3+ 39.Ka2 
Rcc3 40.Rxd4 {Das sieht nun sehr nach Dauerschach 
aus. Aber bevor ich auf Sxe5 kam, dachte ich, ich 
wäre platt.}  Rba3+ {Ich hätte es mit dxe5 
probieren können. Nimm es mir nicht übel, mit 
Remis bin ich zufrieden...}  1/2-1/2

[Event "HCL-A094"]
[Site "www.playchess.de"]
[Date "2001.03.23"]
[Round "19"]
[White "Gorodish"]
[Black "easykiller"]
[WhiteElo "1733"]
[BlackElo "1700"]
[PlyCount "115"]
[Result "1-0"]

1.c4 Nf6 {Hi from Bratislava}  2.d4 {greetings 
from germany ... stuttgart}  g6 3.Nc3 Bg7 4.e4 d6 
5.Nf3 O-O 6.Be2 Nbd7 7.O-O e5 8.d5 Nc5 9.Qc2 a5 
10.Bg5 h6 11.Bxf6 Qxf6 12.Rfe1 Qe7 13.Nd2 f5 
14.exf5 Bxf5 15.Nde4 Rf7 16.Bd3 b6 17.Nxc5 bxc5 
18.Bxf5 gxf5 19.Re3 Qh4 20.Nb5 Kh8 21.b3 e4 22.Rf1 
Be5 23.g3 Qf6 24.Kh1 Qg6 25.Re2 Rg7 26.Rg1 h5 
{Sorry, this is my first tournament, I would like 
to play all games}  27.h4 {no problem :-)}  Qg4 
28.Rg2 Rag8 29.Re1 Qxh4+ 30.Rh2 Qg4 31.Qe2 Rh7 
32.Qxg4 Rxg4 33.Kg2 f4 34.Rxe4 fxg3 35.Rh4 Rxe4 
36.Rxe4 h4 37.fxg3 hxg3 38.Re2 Rf7 39.Na7 Rh7 
40.Nc6 Rh2+ 41.Kf3 Rxe2 42.Kxe2 Bc3 43.Kf3 Be1 
44.Nd8 Kg7 45.Ne6+ Kf6 46.Nxc7 Ke5 47.Ne6 Bf2 
48.Nd8 Be1 49.Nf7+ Kd4 50.Nxd6 Kc3 51.Nb7 Kb2 
52.d6 Kxa2 53.Nxc5 g2 54.Kxg2 Bh4 55.Kh3 Bf6 
56.Ne4 Bd8 57.c5 Kxb3 58.c6 1-0

[Event "ACL-A094"]
[Site "www.playchess.de"]
[Date "2001.03.23"]
[Round "19"]
[White "Zsozso"]
[Black "MP"]
[WhiteElo "1641"]
[BlackElo "696"]
[PlyCount "37"]
[Result "1-0"]

1.e4 {Hello!}  e5 2.Nc3 Nf6 3.f4 Nc6 4.fxe5 Nxe5 
5.d4 Neg4 6.e5 Nxe5 7.dxe5 Ng8 8.Nf3 Bb4 9.Qd4 
Bxc3+ 10.Qxc3 d5 11.exd6 Nf6 12.Bf4 O-O 13.O-O-O 
c6 14.Bg5 Be6 15.Bxf6 Qxf6 16.Qxf6 gxf6 17.Nd4 Bd5 
18.c4 Be4 19.Bd3 1-0

[Event "HCL-A095"]
[Site "www.playchess.de"]
[Date "2001.03.23"]
[Round "14"]
[White "rtkohn"]
[Black "jmcerna"]
[WhiteElo "1925"]
[BlackElo "1721"]
[PlyCount "47"]
[Result "1-0"]

1.e4 {Have a good game.}  c5 {Hello and Thanls}  
2.Nf3 Nc6 3.d4 cxd4 4.Nxd4 Nf6 5.Nc3 e5 6.Ndb5 d6 
7.Bc4 a6 8.Na3 b5 9.Bd5 Bb7 10.Ne2 Be7 11.c4 b4 
12.Nc2 a5 13.f3 Qb6 14.Ne3 O-O 15.Nf5 Rfe8 16.Be3 
Qc7 17.Nxe7+ Qxe7 18.O-O h6 19.Ng3 Qc7 20.Nf5 Nxd5 
21.Qxd5 Ne7 22.Qxd6 {21. Nd4 and 22. Nc2 would 
have been a real threat}  Qd8 23.Bb6 Nxf5 
24.Qxd8 1-0

[Event "HCL-B220"]
[Site "www.playchess.de"]
[Date "2001.03.23"]
[Round "10"]
[White "bundori"]
[Black "ulibear"]
[WhiteElo "1501"]
[BlackElo "1136"]
[PlyCount "51"]
[Result "1-0"]

1.c4 e6 2.g3 c5 3.Bg2 Nc6 4.Nc3 a6 5.Nf3 Nf6 6.O-O 
d6 7.d4 cxd4 {finally the d-pawn shows up}  8.Nxd4 
Qc7 9.b3 Nxd4 10.Qxd4 Bd7 {no comments wanted? 
just tell me if so}  11.Bb2 Bc6 {könnten Deutsch 
reden, wenn uns danach ist}  12.e4 Be7 13.Rac1 O-O 
14.Nd5 {joh, bin wirklich deutscher}  Bxd5 15.cxd5 
Qb8 16.dxe6 fxe6 17.f4 Kh8 {uff, wird eng und 
enger, rieche den Einschlag}  18.e5 dxe5 19.Qxe5 
Qxe5 20.Bxe5 Nd5 21.Bxd5 exd5 22.Rc7 Bf6 
{erzwungen}  23.Rxb7 Bxe5 24.fxe5 Rxf1+ 25.Kxf1 
Rd8 26.Ke2 1-0

[Event "ACL-A112"]
[Site "www.playchess.de"]
[Date "2001.03.23"]
[Round "1"]
[White "guerino"]
[Black "kazan"]
[WhiteElo "1325"]
[BlackElo "1500"]
[PlyCount "38"]
[Result "0-1"]

1.e4 c5 2.Nf3 d6 3.d4 cxd4 4.Nxd4 Nf6 5.Nc3 a6 
6.Bg5 e5 7.Nb3 Be7 8.Nd5 Nxd5 9.Bxe7 Nxe7 10.Bc4 
O-O 11.a4 Nbc6 12.O-O Ng6 13.c3 Nf4 14.Nd2 Bh3 
15.Nf3 Bxg2 16.Re1 Qd7 17.Bf1 Qg4 18.Re3 Bxf3+ 
19.Bg2 Qxg2+ 0-1

[Event "HCL-E038"]
[Site "www.playchess.de"]
[Date "2001.03.23"]
[Round "8"]
[White "Chris"]
[Black "Ostap_Bender"]
[WhiteElo "2054"]
[BlackElo "2380"]
[PlyCount "24"]
[Result "0-1"]

1.e4 c5 2.Nc3 Nc6 3.Nge2 g6 4.d4 cxd4 5.Nxd4 Bg7 
6.Be3 Nf6 7.f3 O-O 8.Bc4 Qb6 9.Qd2 Nxe4 10.Nxc6 
Nxd2 11.Nxe7+ Kh8 12.Bxb6 Nxc4 0-1

[Event "HCL-B224"]
[Site "www.playchess.de"]
[Date "2001.03.23"]
[Round "5"]
[White "donkey"]
[Black "Translightor"]
[WhiteElo "1238"]
[BlackElo "1489"]
[PlyCount "42"]
[Result "1/2-1/2"]

1.d4 d5 {Hallo! Viel Spaß!}  2.c4 {hallo, viel 
spass wünsch ich auch}  e6 3.Nc3 Nf6 4.Nf3 Be7 
5.Bf4 O-O 6.e3 c6 7.Bd3 dxc4 8.Bxc4 Nbd7 9.O-O Nb6 
10.Bd3 Nbd5 11.Nxd5 exd5 12.Re1 Bg4 13.h3 Bd7 
14.Qc2 Qb6 15.Ng5 h6 16.Nh7 Rfe8 17.Nxf6+ Bxf6 
18.b3 Rac8 19.Rac1 Qd8 20.Bh7+ Kh8 21.Bd3 
Kg8 1/2-1/2

[Event "HCL-B223"]
[Site "www.playchess.de"]
[Date "2001.03.23"]
[Round "6"]
[White "herrDokter"]
[Black "whatsleft2"]
[WhiteElo "1200"]
[BlackElo "1200"]
[PlyCount "50"]
[Result "0-1"]

1.e4 {greetings}  d5 {goodluck}  2.exd5 Nf6 {where 
are you from}  3.c4 e6 4.dxe6 {mass, how about 
you?}  Bxe6 {i am in south texas where it is warm} 
 5.d3 {nice, I have about 18 inches of snow 
outside}  Bb4+ {i moved to texas 3 years ago from 
south dakota i do not miss the cold and snow}  
6.Bd2 {I like the change of seasons}  Qe7 {spring 
and fall are nice up north but lows inthe 50"s in 
winter here are also nice}  7.Nf3 {It's nice to be 
back}  Bxc4+ 8.Be2 Bxd3 9.Kf1 Bxe2+ 10.Qxe2 Qxe2+ 
11.Kxe2 {i guess that's goodbye to the ladies}  
Nc6 {less unexspected surprises without queens}  
12.a3 {she is a powerful piece}  Bxd2 13.Nbxd2 
O-O-O 14.Rhe1 Ng4 15.h3 Nge5 16.Ng5 Rhe8 17.Kf1 
Rxd2 18.f4 f6 19.Ne4 Rxb2 20.fxe5 Nxe5 21.Rac1 Rd8 
22.Nc5 Rdd2 23.Ne4 Rdxg2 24.Re3 Rgh2 25.Rec3 Rh1+ 
{goodgame thanks}  0-1

[Event "ACL-A117"]
[Site "www.playchess.de"]
[Date "2001.03.23"]
[Round "13"]
[White "MP"]
[Black "Emro"]
[WhiteElo "829"]
[BlackElo "1500"]
[PlyCount "24"]
[Result "0-1"]

1.d4 d5 2.Nf3 Nf6 3.e3 e6 4.Be2 Bd6 5.c4 O-O 6.O-O 
Nbd7 7.c5 Be7 8.Nc3 c6 9.Qc2 b6 10.b4 a5 11.a3 
axb4 12.Nd1 bxc5 0-1

[Event "HCL-B224"]
[Site "www.playchess.de"]
[Date "2001.03.23"]
[Round "30"]
[White "Translightor"]
[Black "richard"]
[WhiteElo "1489"]
[BlackElo "1500"]
[PlyCount "106"]
[Result "0-1"]

1.e4 {welcome & good luck}  c5 {welcome from 
Amherst, MAssachusetts}  2.Nf3 {I'm living in 
Hannover, Lower Saxony.}  d6 3.d4 cxd4 4.Nxd4 Nf6 
5.Nc3 a6 6.Be2 e5 7.Nb3 Be7 8.O-O O-O 9.Be3 Be6 
10.Qd3 Nbd7 11.Rad1 Nb6 12.Bxb6 Qxb6 13.Nd5 Bxd5 
14.exd5 Rfc8 15.c4 Rc7 16.Rdc1 Rac8 17.Rc2 e4 
18.Qd4 Qxd4 19.Nxd4 Nxd5 {trading queens was your 
idea}  20.Rd1 {I haven't yet recovered from the 
server blackout.}  Nf6 21.Nf5 d5 22.Nxe7+ Rxe7 
23.b3 g6 {and no back ranks either}  24.Rcd2 dxc4 
25.Bxc4 Kg7 26.a4 Rc5 27.g3 b5 28.axb5 axb5 29.Bf1 
e3 30.fxe3 Rxe3 31.R2d3 Re7 32.Kg2 Ng4 {you must 
be one of the original people at playchess}  
33.Kg1 Rce5 34.h3 {lol Let's say that playchess is 
my original chess site}  Ne3 35.Re1 Nxf1 36.Rxe5 
Rxe5 37.Kxf1 Kf6 38.Kf2 h5 39.h4 Ke6 40.Kf3 f6 
{slow but steady progress}  41.Rc3 {All you can do 
is sit and wait...}  g5 42.hxg5 fxg5 43.Rd3 Kf5 
{so many ways to go astray}  44.Rc3 g4+ 45.Kf2 Ke4 
46.Re3+ Kd4 47.Rxe5 Kxe5 {now you lose}  48.Ke3 
{This is probably true. Prove it!}  Kf5 
{..Kg5...h4}  49.Kd3 {I make some more moves until 
I believe it myself.}  Kg5 50.Ke2 h4 51.gxh4+ Kxh4 
52.Kf2 Kh3 53.Kg1 Kg3 0-1

[Event "ACL-A119"]
[Site "www.playchess.de"]
[Date "2001.03.23"]
[Round "26"]
[White "esad"]
[Black "chucaniam"]
[WhiteElo "1264"]
[BlackElo "1858"]
[PlyCount "21"]
[Result "1-0"]

1.d4 Nf6 2.Nc3 e6 3.e4 Bb4 4.Nge2 Nxe4 5.a3 Qh4 
6.g3 Qf6 7.Bf4 Bxc3+ 8.Nxc3 Nxf2 9.Kxf2 g5 10.Ne4 
Qf5 11.Bd3 1-0

[Event "HCL-A102"]
[Site "www.playchess.de"]
[Date "2001.03.23"]
[Round "3"]
[White "mrchess"]
[Black "Stiki"]
[WhiteElo "1558"]
[BlackElo "1700"]
[PlyCount "44"]
[Result "0-1"]

1.d4 d5 {Good luck!}  2.c4 {have a nice game}  
dxc4 3.Nc3 a6 4.a4 e6 5.e4 c5 6.Nf3 Nc6 7.dxc5 
Qxd1+ 8.Nxd1 Nb4 9.Kd2 Nf6 10.Kc3 a5 11.Ng5 h6 
12.e5 Nfd5+ 13.Kxc4 hxg5 14.Bxg5 Rh5 15.f4 f6 
{Quick draw with white?!Why?}  16.exf6 gxf6 17.g4 
Rh8 18.Bxf6 Nxf6 19.Be2 Ne4 20.Nc3 Nd2+ 21.Kb5 Ra6 
22.c6 bxc6+ 0-1

[Event "HCL-B229"]
[Site "www.playchess.de"]
[Date "2001.03.23"]
[Round "10"]
[White "vijal"]
[Black "dg"]
[WhiteElo "1500"]
[BlackElo "1095"]
[PlyCount "78"]
[Result "0-1"]

1.d4 d6 2.e4 e6 3.Nf3 Nd7 4.Nc3 g6 5.Be3 Bg7 6.Bd3 
e5 7.dxe5 Nxe5 8.Nxe5 dxe5 9.O-O Nf6 10.h3 O-O 
11.f3 b6 12.Nd5 Nxd5 13.exd5 Bb7 14.c4 a5 15.Qc2 
c6 16.dxc6 Bxc6 17.Rad1 Qf6 18.b3 Rfe8 19.Be4 Bxe4 
20.fxe4 Qc6 21.Rd5 Rab8 22.Rfd1 Re6 23.R5d8+ Rxd8 
24.Rxd8+ Bf8 25.Bh6 Re8 26.Rxe8 Qxe8 27.Bxf8 Qxf8 
28.Qd2 Qa3 29.Qd8+ Kg7 30.Qxb6 Qxa2 31.Qb7 Qb1+ 
32.Kh2 a4 33.c5 a3 34.c6 a2 35.c7 a1Q {%}  36.c8Q 
{%}  Qbh1+ 37.Kg3 Qae1+ 38.Kf3 Qhf1+ 39.Kg4 
Qf4+ 0-1

[Event "HCL-B229"]
[Site "www.playchess.de"]
[Date "2001.03.23"]
[Round "19"]
[White "vijal"]
[Black "dakini"]
[WhiteElo "1500"]
[BlackElo "1145"]
[PlyCount "54"]
[Result "0-1"]

1.d4 d5 2.Nf3 Nf6 3.Bf4 e6 4.a3 c5 5.dxc5 Bxc5 
6.e3 Nc6 7.c4 e5 8.Bg3 Bg4 9.Nc3 e4 10.cxd5 Ne7 
11.Nxe4 Nxe4 12.Bb5+ Bd7 13.Bxd7+ Qxd7 14.Qc2 Qxd5 
15.O-O O-O 16.Rfd1 Qc6 17.Rac1 Rac8 18.b4 Bb6 
19.Qxc6 Rxc6 20.Rxc6 Nxc6 21.h3 Nxg3 22.fxg3 Bxe3+ 
23.Kh1 Rd8 24.Rxd8+ Nxd8 25.Kh2 a6 26.Ne5 b5 
27.Nc6 Nxc6 0-1

[Event "ACL-A125"]
[Site "www.playchess.de"]
[Date "2001.03.23"]
[Round "12"]
[White "Lycanth"]
[Black "daniela"]
[WhiteElo "1500"]
[BlackElo "1454"]
[PlyCount "31"]
[Result "1-0"]

1.e4 {Hello}  e6 {wish us an interesting game}  
2.d4 d5 {Where do you come from?}  3.Nd2 {france 
and u germany it seems}  c5 {Yes. Do you play at 
home or at work?}  4.c3 {i play at home and at 
work :) because i work at home :)}  c4 {Its o.k., 
do you have a lot of homework!!}  5.b3 {not really 
i m a student but i stopped the fac because it 
doesnt interrested me}  b5 {I think it's late, 
that you know it was not the right way. What do 
you want now to do?}  6.e5 {i m not sure yet, 
maybe working maybe continue the fac next year}  
Nh6 {make the best and it should be a little bit 
funny - thats my opinion!}  7.bxc4 bxc4 8.Qf3 Qa5 
9.Bxc4 dxc4 {I'm surprised}  10.Qxa8 {me too:)}  
Qxc3 {o gosh ... I'm surprised again !? Soon will 
be the game over!}  11.Qxb8 Qxa1 12.Qxc8+ {let's 
the queens eat a little :)}  Ke7 {... but not too 
much}  13.Ne2 Qxa2 14.d5 exd5 15.Nf4 {mate in 7 it 
seems}  Qa5 {do you play with a 
computer-programm?}  16.Ba3+ {yep in ACL games, i 
verify my variants with a computer program. Mate 
in 1}  1-0

[Event "ACL-A125"]
[Site "www.playchess.de"]
[Date "2001.03.23"]
[Round "34"]
[White "Lycanth"]
[Black "richard"]
[WhiteElo "1500"]
[BlackElo "1500"]
[PlyCount "80"]
[Result "1/2-1/2"]

1.e4 {Hello ! good luck to u}  c5 {what country?}  
2.d4 {HUH ?? this the french flag :)}  cxd4 
{excusey mon ignorance}  3.c3 {no pb :)}  dxc3 
4.Nxc3 Nc6 5.Bc4 e6 6.Nf3 a6 7.a4 Qc7 8.O-O Nf6 
9.Qe2 d6 10.Be3 Be7 11.Rfd1 O-O 12.Rac1 Bd7 {how's 
my fortress?}  13.Nd4 {nice :)}  Nxd4 14.Bxd4 Rfc8 
15.b3 e5 16.Be3 Bc6 17.Bd5 Bd8 18.Kh1 Qd7 19.Qd3 
Bxd5 20.Nxd5 Nxd5 21.Qxd5 Rxc1 22.Rxc1 Be7 23.Rc4 
Rc8 24.Rb4 Rc6 25.a5 Qc8 26.g3 g6 27.Kg2 Kg7 
28.Kg1 h6 {lets see what develops on the king 
side}  29.h3 Bg5 30.Bxg5 hxg5 31.Kg2 Qc7 32.Qd1 f5 
33.Qd2 f4 34.Qd5 b5 {finally i activate that 
backward pawn}  35.axb6 Rxb6 36.Rxb6 {heading to a 
draw it seems}  Qxb6 {what about my extra pawn?}  
37.Qe6 Qd8 38.Kf3 a5 39.Kg4 Kh6 40.Qf7 Qc8+ 
{Kf3,Qc3+}  1/2-1/2

[Event "HCL-C228"]
[Site "www.playchess.de"]
[Date "2001.03.23"]
[Round "21"]
[White "guigao"]
[Black "dijk"]
[WhiteElo "1360"]
[BlackElo "1000"]
[PlyCount "59"]
[Result "1-0"]

1.e4 e5 2.Nf3 Nc6 3.Bb5 a6 4.Ba4 Nf6 5.d3 Bc5 
6.Bg5 b5 7.Bb3 h6 8.Bh4 d6 9.Nc3 Nd4 10.Nd5 c6 
11.Nxf6+ gxf6 12.Nxd4 Bxd4 13.c3 Bb6 14.Qf3 Qd7 
15.Bxf6 Rg8 16.h3 Bd8 17.g4 Bxf6 18.Qxf6 Rg6 
19.Qh8+ Ke7 20.O-O-O Bb7 21.Qh7 Rf8 22.Bxf7 Rxf7 
23.Qxg6 Kd8 24.Qxh6 Kc7 25.Rdf1 d5 26.Qg5 dxe4 
27.Qxe5+ Kc8 28.dxe4 Re7 29.Qf5 Re6 
30.Rfd1 1-0

[Event "HCL-C236"]
[Site "www.playchess.de"]
[Date "2001.03.23"]
[Round "12"]
[White "trebli"]
[Black "guigao"]
[WhiteElo "1000"]
[BlackElo "1360"]
[PlyCount "40"]
[Result "0-1"]

1.e4 e5 2.d3 Nc6 3.Nd2 d6 4.Ngf3 f5 5.g3 fxe4 
6.Nxe4 Bg4 7.h3 Bh5 8.Bg5 Be7 9.g4 Bg6 10.c3 Bxe4 
11.dxe4 Bxg5 12.Qd5 Qe7 13.h4 Bf4 14.Bb5 Qd7 
15.Ng5 Bxg5 16.hxg5 Nge7 17.Bxc6 bxc6 18.Qd3 Qxg4 
19.Qg3 Qxe4+ 20.Kd1 Qxh1+ 0-1

[Event "HCL-E045"]
[Site "www.playchess.de"]
[Date "2001.03.23"]
[Round "4"]
[White "paule"]
[Black "peze"]
[WhiteElo "2078"]
[BlackElo "2031"]
[PlyCount "36"]
[Result "0-1"]

1.e4 {:) Russian opening (Petrov's defence)?}  e5 
{:-) Of course!}  2.Nf3 {I hope, I will not resign 
on 15-th move:)}  Nf6 {Have you prepared a special 
variant? :-)}  3.d4 {Unfortunately,no. I cann't 
find the literature on this opening.But variant f5 
I will try to avoid.:)}  Nxe4 {This variant is 
unpleasant for black :(}  4.Bd3 {I do not know the 
theory of this variant :(}  d5 5.Nxe5 Nd7 6.Qe2 
Qe7 7.Bxe4 dxe4 8.Bf4 Nxe5 9.Bxe5 Bf5 {...strange 
centre !? :)}  10.Nc3 {I agree, this position is 
non-standard...:)}  O-O-O 11.O-O-O Qe6 12.Qe3 Rd7 
13.h3 Bb4 14.d5 Qxe5 {14. d5?! Error or deep 
analysed ?}  15.Qxa7 {I hope, second:) I have not 
some chanses in positional game against you...}  
Kd8 {...we shall see! My analyse: 1 pawn + for 
black ! :-)}  16.Nb5 {Now I think, that 14.d5?? 
was mistake...:(}  Ke7 {...I analysed: 16. d6 Rxd6 
17. Nd5 Rxd5 18.Rxd5+ Qxd5 19.Rd1 Qxd1 20.Kxd1  
-/+}  17.Qxb7 {I choose bad variation...I will win 
one more...}  Bc5 18.g4 {Of course, you will win 
one more :) Sorry, I speak Eng very bad...:)}  Bg6 
{I understand your English and you understand me. 
:-)) That's just great!!}  0-1

[Event "ACL-A127"]
[Site "www.playchess.de"]
[Date "2001.03.23"]
[Round "2"]
[White "Zynaps"]
[Black "jalal"]
[WhiteElo "1500"]
[BlackElo "1500"]
[PlyCount "47"]
[Result "1-0"]

1.e4 e6 2.d4 d5 3.Nd2 c5 4.exd5 exd5 5.Ngf3 Nc6 
6.Bb5 a6 7.Bxc6+ bxc6 8.O-O Bg4 9.Re1+ Be6 10.c4 
Bd6 11.cxd5 cxd5 12.Nb3 c4 13.Nc5 Bxc5 14.dxc5 Ne7 
15.Ng5 Qd7 16.Nxe6 fxe6 17.b3 cxb3 18.axb3 O-O 
19.Qe2 Rf6 20.Bb2 Rg6 21.Rxa6 Rxa6 22.Qxa6 h6 
23.Qd6 Qxd6 24.cxd6 1-0

[Event "ACL-A127"]
[Site "www.playchess.de"]
[Date "2001.03.23"]
[Round "7"]
[White "Westqualmer"]
[Black "jalal"]
[WhiteElo "1923"]
[BlackElo "1500"]
[PlyCount "105"]
[Result "1-0"]

1.e4 e6 2.d4 d5 3.Nc3 Nf6 4.Bg5 Be7 5.e5 Nfd7 
6.Bxe7 Qxe7 7.f4 a6 8.Nf3 b5 9.Qd2 Nb6 10.Nd1 Bd7 
11.Ne3 c6 12.Qa5 Qd8 13.Bd3 h6 14.c3 Na4 15.Qxd8+ 
Kxd8 16.Rb1 a5 17.O-O Na6 18.f5 Nc7 19.Nh4 Be8 
20.Rf2 Ra7 21.Rbf1 Nb6 22.Bc2 Nc8 23.f6 g5 24.Nf3 
Na6 25.Rd2 Nb6 26.Rfd1 Ra8 27.b3 Bd7 28.Bd3 Kc7 
29.c4 Nb4 30.Be2 Kb7 31.Rc1 Rad8 32.a3 Na6 33.Rdc2 
Rdc8 34.Nd2 Nb8 35.Nd1 Rhd8 36.Nc3 b4 37.axb4 axb4 
38.Na2 Na6 39.c5 Na8 40.Ra1 N8c7 41.Nc1 Rca8 
42.Rca2 Rdb8 43.Nf3 Rbd8 44.Ne1 Rdb8 45.Nc2 Be8 
46.Kf2 Ra7 47.Nxb4 Rba8 48.Nxa6 Nxa6 49.Bxa6+ 
R7xa6 50.R2xa6 Rxa6 51.Rxa6 Kxa6 52.Kg3 Kb5 
53.Na2 1-0

[Event "HCL-B249"]
[Site "www.playchess.de"]
[Date "2001.03.23"]
[Round "3"]
[White "perell"]
[Black "sundfar"]
[WhiteElo "1551"]
[BlackElo "1461"]
[PlyCount "39"]
[Result "1-0"]

1.d4 {Hi, from Brasil...}  Nf6 {hello from Norway} 
 2.c4 {Best fishes come from your country!}  d5 
{Yes, we have good fish, but I'm like beef better} 
 3.cxd5 {Beef is not good to your health!}  Qxd5 
4.Nc3 Qd8 5.e4 e5 6.d5 g6 {but chess is good for 
the brain, so i keep my body in balance}  7.Nf3 
Bg4 8.Be2 {You want to say fisical exercises?}  
Bg7 9.O-O O-O {Not much fysical excercises I'm 
afraid, are you playing football?}  10.Bg5 {No, 
only voleyball. I am old 35 and can not run as 
20!}  Nbd7 11.h3 Bxf3 12.Bxf3 Qe8 13.Nb5 Qc8 
14.Rc1 Ne8 15.Be7 Bh6 16.Rc2 a6 17.Bxf8 Bxf8 
18.Nxc7 Nxc7 19.d6 Bxd6 20.Qxd6 1-0

[Event "HCL-C250"]
[Site "www.playchess.de"]
[Date "2001.03.23"]
[Round "9"]
[White "WindsorStar"]
[Black "Chopz8va"]
[WhiteElo "854"]
[BlackElo "1136"]
[PlyCount "29"]
[Result "1-0"]

1.d4 Nf6 {hi}  2.Nf3 {hi}  e6 3.h3 d5 4.e3 Be7 
5.Bd3 O-O 6.Nc3 h6 7.a3 Nbd7 8.g4 b6 9.g5 hxg5 
10.Nxg5 Bb7 11.Qf3 c5 12.Qg3 cxd4 13.exd4 Qb8 
14.Bf4 Bd6 15.Bxd6 1-0